Logo BPK

Biblioteka

Politechniki Koszalińskiej

Kurs differencial'nogo i inegral'no iscislenija. (Rekord nr 13505)

Szczegóły MARC
000 -ETYKIETA REKORDU
podpole kontrolne o stałej długości 00493nam a2200169 i 4500
001 - NUMER KONTROLNY REKORDU
pole kontrolne bg
040 ## - ŹRÓDŁO KATALOGOWANIA
Instytucja, która utworzyła rekord BPK
041 ## - KOD JĘZYKA
Kod języka tekstu pol
080 ## - UNIWERSALNA KLASYFIKACJA DZIESIĘTNA - UKD
UKD 517
008 - POLE O STAŁEJ DŁUGOŚCI - DANE KONTROLNE
podpole kontrolne o stałej długości s pl f |000 0 pol
100 1# - NAZWA OSOBOWA
Nazwa osobowa Fihtengol'c, Grigorij Mihajlovič
Daty związane z nazwą (1888-1959).
245 10 - TYTUŁ/ODPOWIEDZIALNOŚĆ
Tytuł Kurs differencial'nogo i inegral'no iscislenija.
Oznaczenie części/sekcji dzieła T. 3 /
Pozostałe elementy strefy tytułu i oznaczenia odpowiedzialności G. M. Fichtengolc.
250 ## - STREFA WYDANIA
Oznaczenie wydania Izdanie pjatoe stereotipnoe.
260 ## - STREFA ADRESU WYDAWNICZEGO
Miejsce wydania Moskva :
Nazwa wydawcy/dystrybutora Izdatel'stvo "Nauka",
Data publikacji, dystrybucji/powstania dokumentu 1970.
300 ## - STREFA OPISU FIZYCZNEGO
Objętość 656 s. :
Inne cechy fizyczne ilustr.
942 ## - DODATKOWE ELEMENTY (KOHA)
Typ dokumentu Książka
Egzemplarze
Wycofany Status egzemplarza Uszkodzony Dostępność Lokalizacja stała Lokalizacja bieżąca Miejsce przechowywania Sygnatura Kod kreskowy Ostatnio wypożyczono Typ dokumentu
      Dostępny Biblioteka Politechniki Koszalińskiej Biblioteka Politechniki Koszalińskiej Wypożyczalnia BG 10716 01752076 25.06.2019 Książka
© 2023 Biblioteka Politechniki Koszalińskiej :: KOHA